000 00868nam a22002291 4500
001 114409
003 ES-MaACL
005 20250814063227.0
007 t|
008 070227s1961 sp ||||0| spa d
016 7 _zIND9500651968
040 _aM-BN
_bspa
_cA2
080 _a061:616.8-089
100 1 _aObrador Alcalde, Sixto,
_d1911-1978
_986417
245 1 0 _aPublicaciones de Neurocirugia de autores portugueses y españoles (hasta 1960)
_b: Indice bibliográfico /
_ceditado por la Sociedad Luso-Española de Neurocirugía [por Sixto Obrador Alcalde y José María Ortiz González].
260 _aMadrid :
_b[s.n.],
_c1961 (
_fImp. Silverio Aguirre Torre)
300 _a157 p ;
_c24 cm.
650 1 4 _aNeurocirugía.
_915526
700 1 _aOrtiz González, José María.
_987621
852 _aES-MaACL
_jC-24016
_bR.53192
999 _c114409
_d114409